000 00440nmm a2200145Ia 4500
008 251105s9999||||xx |||||||||||||||||und||
041 _aspa
100 _aFélix Saborit, Mercedes
245 0 _a¿Qué han hecho con nosotros?
264 _a[Madrid, España] :
_bLetras de Autor,
_c2015
300 _a94 páginas
650 _aSelf-help and personal development
856 _uhttps://public.digitaliapublishing.com/a/87682
942 _cCF
999 _c105414
_d105414